00345nam a2200145Ia 4500001000500000005001700005008004100022041000800063082002200071100003700093245004600130300000700176650000800183654000800191359820260306145655.0260306t9999||||xx |||||||||||||| ||spa|| aESP a298bM98 Lib. III aMusavi Lari, Seyyed MojtabaeAUT 0aLos fundamentos de la doctrina Islámica ac aGEN aCHU